Top 20 most important and famous people from Pennsylvania - Statistics

General Stats
  • This quiz has been taken 63 times
  • The average score is 11 of 20
Answer Stats
Hint Answer % Correct
Actor famous for his roles in The Fresh Prince of Bel-Air and Men in Black films Will Smith
89%
Main figure in the visual art movement known as pop art Andy Warhol
87%
Basketball player, legend of Los Angeles Lakers, died in 2020 Kobe Bryant
87%
Female singer, I Love Rock n Roll Joan Jett
68%
Actor famous for his roles in A Star Is Born and The Hangover Bradley Cooper
66%
Actor famous for his roles in American Gigolo and Pretty Woman Richard Gere
66%
Actress who, after starring in several significant films in the early to mid-1950s, became Princess of Monaco by marrying Prince Rainier III in 1956 Grace Kelly
63%
Actor famous for his roles in The Secret Life of Pets films, Ride Along 2, Captain Underpants: The First Epic Movie and Jumanji films Kevin Hart
61%
One of the greatest and most charismatic golf players in history, winner of 4 Masters Tournaments in 1960s Arnold Palmer
58%
Actor famous for his role as Batman in Batman (1989) and Batman Returns (1992) Michael Keaton
58%
Basketball player of 1960s who scored 100 points in a single NBA game Wilt Chamberlain
55%
Writer, author of the novel Little Women and its sequels Little Men and Jo's Boys Louisa May Alcott
50%
Female singer, Just Give Me a Reason, Try Pink
47%
Actress famous for her roles in Sphere, The Mighty, Catwoman and Basic Instinct Sharon Stone
47%
Female singer, Anti-hero, Bigger Than The Whole Sky Taylor Swift
42%
Actor famous for his roles in The Man Who Knew Too Much and Vertigo, two times winner of Academy Award James Stewart
39%
Linguist, philosopher and political activist. Called the father of modern linguistics Noam Chomsky
34%
American football player, 4 times winner of Super Bowl Joe Montana
32%
Female singer, On My Own, Lady Marmalade Patti LaBelle
29%
Actress and dancer. She appeared in Lifetime's reality show Dance Moms, from 2011 (at age 8) until 2016 and starred in a series of music videos by Sia, beginning with Chandelier and Elastic Heart, which have in total attracted more than 5 billion views on YouTube Maddie Ziegler
21%
No matching quizzes found
Score Distribution
Percent of People with Each Score
Percentile by Number Answered
Your Score History
You have not taken this quiz